Szczegóły MARC21

Dramaty /

003 -Nazwa inst., której nr kontr. jest w polu 001 [,]
    • @
    • Nazwa instytucji, której n kontrolny jest w polu 001
    • NUKAT
005 -DATA I CZAS OSTATNIEJ MODYFIKACJI [,]
    • @
    • pole kontrolne
    • 20241231114459.0
040 -Instytucja sporządzająca opis [ , ]
    • a
    • Instytucja, która sporządziła opis (NP)
    • KR 297/JAK
    • c
    • Instytucja, która sporządziła rekord (NP)
    • KR 297/JAK
    • d
    • Instytucja, która zmodyfikowała rekord (P)
    • KR 297/JAK
    • d
    • Instytucja, która zmodyfikowała rekord (P)
    • KR 119/SWs
    • d
    • Instytucja, która zmodyfikowała rekord (P)
    • WA U/JS
041 -Język dokumentu [1, ]
    • a
    • Język tekstu (P)
    • polski
    • h
    • Język tekstu oryginalnego i/lub pośredniego (P)
    • hiszpański
942 -Rodzaj dokumentu [ , ]
    • c
    • Rodzaj dokumentu
    • Książka
100 -Hasło główne - nazwa osobowa [1, ]
    • a
    • Nazwa osobowa (NP)
    • Alberti, Rafael
    • d
    • Daty biograficzne (NP)
    • (1902-1999).
    • 9
    • KHW
    • 23891
245 -Strefa tytułu i oznaczenia odpowiedzialności [1,0]
    • a
    • Tytuł
    • Dramaty / Find
    • c
    • Pozostałe elementy strefy tytułu i oznaczenia odpowiedzialności (NP)
    • Rafael Alberti ; przeł. i posł. opatrzyła Zofia Szleyen.
260 -Strefa adresu wydawniczego [ , ]
    • a
    • Miejsce wydania (P)
    • Kraków :
    • b
    • Nazwa wydawcy (P)
    • Wydaw. Literackie,
    • c
    • Data wydania (P)
    • 1972.
300 -Strefa opisu fizycznego [ , ]
    • a
    • Określenie formy książki i/lub objętość (NP)
    • 453, [3] s. ;
    • c
    • Format (NP)
    • 20 cm.
336 -Typ zawartości [ , ]
    • a
    • Termin opisujący typ zawartości
    • Tekst
    • b
    • Kod określający zawartość
    • txt
    • 2
    • Źródło (terminu i kodu)
    • rdacontent
337 -Typ mediów [ , ]
    • a
    • Tryb odtwarzania
    • Bez urządzenia pośredniczącego
    • b
    • Kod typu mediów
    • n
    • 2
    • Źródło (terminu i kodu)
    • rdamedia
338 -Typ/rodzaj nośnika [ , ]
    • a
    • Hasło opisujące typ nośnika
    • Wolumin
    • b
    • Kod typu nośnika
    • nc
    • 2
    • Źródło (terminu i kodu)
    • rdacarrier
505 -Uwaga dot. zawartości książki [0, ]
    • a
    • Uwaga dot. zawartości książki
    • Zawiera: Kwitnąca koniczyna ; Ohyda ; Urodziwa Andaluzyjka ; W przededniu ; Noc wojny w Prado.
080 -Uniwersalna Klasyfikacja Dziesiętna [ , ]
    • a
    • Symbol klasyfikacji
    • 860-2
655 -Hasło w funkcji tematu formalnego [ ,7]
    • a
    • Hasło
    • Dramat hiszpański
    • y
    • Określnik chronologiczny
    • 20 w.
    • v
    • Określnik formy
    • tłumaczenia polskie.
    • 2
    • Źródło terminu
    • kaba
    • 9
    • KHW
    • 382524
980 -Symbol UKD [ , ]
    • a
    • UKD
    • 860-2
700 -Hasło dodatkowe - nazwa osobowa [1, ]
    • a
    • Nazwa osobowa (NP)
    • Szleyen, Zofia Find
    • d
    • Daty biograficzne (NP)
    • (1904-1994).
    • e
    • Określenie rodzaju współpracy
    • Tł.
    • 9
    • KHW
    • 61834
700 -Hasło dodatkowe - nazwa osobowa [1,2]
    • a
    • Nazwa osobowa (NP)
    • Alberti, Rafael Find
    • d
    • Daty biograficzne (NP)
    • (1902-1999).
    • t
    • Tytuł ujednolicony/tytuł (NP)
    • Trébol florido Find
    • l
    • Język tekstu (NP)
    • (pol.)
    • 9
    • KHW
    • 631713
700 -Hasło dodatkowe - nazwa osobowa [1,2]
    • a
    • Nazwa osobowa (NP)
    • Alberti, Rafael Find
    • d
    • Daty biograficzne (NP)
    • (1902-1999).
    • t
    • Tytuł ujednolicony/tytuł (NP)
    • Adefesio Find
    • l
    • Język tekstu (NP)
    • (pol.)
    • 9
    • KHW
    • 631714
700 -Hasło dodatkowe - nazwa osobowa [1,2]
    • a
    • Nazwa osobowa (NP)
    • Alberti, Rafael Find
    • d
    • Daty biograficzne (NP)
    • (1902-1999).
    • t
    • Tytuł ujednolicony/tytuł (NP)
    • Lozana andaluza Find
    • l
    • Język tekstu (NP)
    • (pol.)
    • 9
    • KHW
    • 631715
700 -Hasło dodatkowe - nazwa osobowa [1,2]
    • a
    • Nazwa osobowa (NP)
    • Alberti, Rafael Find
    • d
    • Daty biograficzne (NP)
    • (1902-1999).
    • t
    • Tytuł ujednolicony/tytuł (NP)
    • De un momento a otro Find
    • l
    • Język tekstu (NP)
    • (pol.)
    • 9
    • KHW
    • 631716
700 -Hasło dodatkowe - nazwa osobowa [1,2]
    • a
    • Nazwa osobowa (NP)
    • Alberti, Rafael Find
    • d
    • Daty biograficzne (NP)
    • (1902-1999).
    • t
    • Tytuł ujednolicony/tytuł (NP)
    • Noche de guerra en el Museo del Prado Find
    • l
    • Język tekstu (NP)
    • (pol.)
    • 9
    • KHW
    • 631717
710 -Hasło dodatkowe - nazwa ciała zbiorowego [2, ]
    • a
    • Nazwa ciała zbiorowego lub nazwa geograficzna jako pierwszy element (NP)
    • Wydawnictwo Literackie.
    • 4
    • Kod relacji
    • pbl
    • 9
    • KHW
    • 53605
Lokalizacja Data inwentaryzacji Status udost. Numer inwentarzowy Sygnatura
BG2000-05-151Z.34514Z.34514
BG2002-11-201JK.210